<?xml version="1.0" encoding="UTF-8"?>
<record
    xmlns:xsi="http://www.w3.org/2001/XMLSchema-instance"
    xsi:schemaLocation="http://www.loc.gov/MARC21/slim http://www.loc.gov/standards/marcxml/schema/MARC21slim.xsd"
    xmlns="http://www.loc.gov/MARC21/slim">

  <leader>01251nam a2200349 i 4500</leader>
  <controlfield tag="001">xx005914984</controlfield>
  <controlfield tag="003">NUKAT</controlfield>
  <controlfield tag="005">20260325192417.0</controlfield>
  <controlfield tag="008">260325s1864    pl a         |000 0 pol c</controlfield>
  <datafield tag="035" ind1=" " ind2=" ">
    <subfield code="a">(NUKAT)xx005914984</subfield>
  </datafield>
  <datafield tag="040" ind1=" " ind2=" ">
    <subfield code="a">OLSZT 008/LL</subfield>
    <subfield code="b">pol</subfield>
    <subfield code="e">rda</subfield>
    <subfield code="c">OLSZT 008/LL</subfield>
  </datafield>
  <datafield tag="046" ind1=" " ind2=" ">
    <subfield code="k">1864</subfield>
  </datafield>
  <datafield tag="245" ind1="0" ind2="0">
    <subfield code="a">Ma&#x142;y wyborek nabo&#x17C;e&#x144;stwa codziennego.</subfield>
  </datafield>
  <datafield tag="250" ind1=" " ind2=" ">
    <subfield code="a">Wydanie powi&#x119;kszone z dodatkiem Nieszpornych Psa&#x142;m&#xF3;w, Gorzkich &#x17C;ali i Pie&#x15B;ni nabo&#x17C;nych.</subfield>
  </datafield>
  <datafield tag="260" ind1=" " ind2=" ">
    <subfield code="a">Miko&#x142;&#xF3;w :</subfield>
    <subfield code="b">druk i nak&#x142;adem T. Nowackiego.</subfield>
    <subfield code="c">1864.</subfield>
  </datafield>
  <datafield tag="300" ind1=" " ind2=" ">
    <subfield code="a">216 stron :</subfield>
    <subfield code="b">ilustracje ;</subfield>
    <subfield code="c">12 cm.</subfield>
  </datafield>
  <datafield tag="336" ind1=" " ind2=" ">
    <subfield code="a">Tekst</subfield>
    <subfield code="b">txt</subfield>
    <subfield code="2">rdacontent</subfield>
  </datafield>
  <datafield tag="337" ind1=" " ind2=" ">
    <subfield code="a">Bez urz&#x105;dzenia po&#x15B;rednicz&#x105;cego</subfield>
    <subfield code="b">n</subfield>
    <subfield code="2">rdamedia</subfield>
  </datafield>
  <datafield tag="338" ind1=" " ind2=" ">
    <subfield code="a">Wolumin</subfield>
    <subfield code="b">nc</subfield>
    <subfield code="2">rdacarrier</subfield>
  </datafield>
  <datafield tag="380" ind1=" " ind2=" ">
    <subfield code="a">Ksi&#x105;&#x17C;ki</subfield>
  </datafield>
  <datafield tag="380" ind1=" " ind2=" ">
    <subfield code="a">Publikacje religijne</subfield>
  </datafield>
  <datafield tag="388" ind1="1" ind2=" ">
    <subfield code="a">1801-1900</subfield>
  </datafield>
  <datafield tag="610" ind1="2" ind2="7">
    <subfield code="a">Apostolstwo Modlitwy</subfield>
    <subfield code="v">modlitewniki.</subfield>
    <subfield code="2">kaba</subfield>
    <subfield code="9">38983</subfield>
  </datafield>
  <datafield tag="650" ind1=" " ind2="7">
    <subfield code="a">Modlitewniki katolickie polskie</subfield>
    <subfield code="y">19 w.</subfield>
    <subfield code="2">kaba</subfield>
    <subfield code="9">36202</subfield>
  </datafield>
  <datafield tag="650" ind1=" " ind2="7">
    <subfield code="a">Duchowo&#x15B;&#x107; katolicka</subfield>
    <subfield code="2">DBN</subfield>
    <subfield code="9">37278</subfield>
  </datafield>
  <datafield tag="650" ind1=" " ind2="7">
    <subfield code="a">Katolicyzm</subfield>
    <subfield code="2">DBN</subfield>
    <subfield code="9">35191</subfield>
  </datafield>
  <datafield tag="655" ind1=" " ind2="4">
    <subfield code="a">Modlitewniki polskie.</subfield>
    <subfield code="2">kaba</subfield>
    <subfield code="9">5982</subfield>
  </datafield>
  <datafield tag="655" ind1=" " ind2="7">
    <subfield code="a">Modlitewnik</subfield>
    <subfield code="2">DBN</subfield>
    <subfield code="9">36203</subfield>
  </datafield>
  <datafield tag="658" ind1=" " ind2=" ">
    <subfield code="a">Religia i duchowo&#x15B;&#x107;</subfield>
  </datafield>
  <datafield tag="700" ind1="1" ind2=" ">
    <subfield code="a">Nowacki, Tomasz</subfield>
    <subfield code="d">(1802-1884).</subfield>
    <subfield code="e">Nak&#x142;adca</subfield>
    <subfield code="e">Druk</subfield>
    <subfield code="9">36601</subfield>
  </datafield>
  <datafield tag="942" ind1=" " ind2=" ">
    <subfield code="2">ddc</subfield>
    <subfield code="c">BK_NM</subfield>
  </datafield>
  <datafield tag="999" ind1=" " ind2=" ">
    <subfield code="c">27270</subfield>
    <subfield code="d">27270</subfield>
  </datafield>
  <datafield tag="952" ind1=" " ind2=" ">
    <subfield code="0">0</subfield>
    <subfield code="1">0</subfield>
    <subfield code="2">ddc</subfield>
    <subfield code="4">1</subfield>
    <subfield code="7">0</subfield>
    <subfield code="8">PBKH</subfield>
    <subfield code="a">BIP</subfield>
    <subfield code="b">PBKH</subfield>
    <subfield code="d">2026-03-25</subfield>
    <subfield code="e">K-40/1969</subfield>
    <subfield code="f">K</subfield>
    <subfield code="i">12885</subfield>
    <subfield code="l">0</subfield>
    <subfield code="o">12885</subfield>
    <subfield code="p">IPWK16516</subfield>
    <subfield code="r">2026-03-25 19:26:00</subfield>
    <subfield code="w">2026-03-25</subfield>
    <subfield code="y">BK_NM</subfield>
  </datafield>
</record>
